| 000 | 01137cam a2200277 a 4500 | ||
|---|---|---|---|
| 001 | 000011665 | ||
| 003 | UkOxU | ||
| 005 | 20200929162524.0 | ||
| 008 | 500101s1975 sp af bc 000 0 spa d | ||
| 020 | _a8436904273 | ||
| 035 | _aOCLC ocm02389754 from D950804M | ||
| 040 |
_aDO-SdBNP _cDLC _dEQO |
||
| 043 | _ae-sp--- | ||
| 082 |
_a708.46 _bM986c |
||
| 245 | 0 | 0 |
_aMuseo Colegial de Daroca : _bcatálogo / _credactado por Juan Francisco Esteban Lorente. |
| 260 |
_aMadrid : _bServicio Nacional de Información Artística, Arqueológica y Etnológica y Etnológica, _c1975. |
||
| 300 |
_a116 p. : _bil. ; _c21 cm. |
||
| 490 | 1 |
_aGuías de los Museos de España _v38 |
|
| 500 | _aA la cabeza del título: Ministerio de Educación y Ciencia, Dirección General del Patrimonio Artístico y Cultural. | ||
| 504 | _aIncluye referencias bibliográficas (p. 113-114). | ||
| 610 | 2 | 0 |
_aMUSEO COLEGIAL DE DAROCA _927656 |
| 650 | 4 |
_aArte cristiano _zEspaña _zDaroca _xCatalogos _927657 |
|
| 700 | 1 |
_aEsteban Lorente, Juan Francisco. _927658 |
|
| 710 | 1 |
_aMuseo Colegial de Daroca. _927659 |
|
| 830 | 0 |
_aGuías de los Museos de España ; _v38 _927660 |
|
| 999 |
_c11353 _d11353 |
||